| 000 | 003360000a22001450004500 | ||
|---|---|---|---|
| 020 | _a958-27-0300-8 | ||
| 041 | 0 | _aSPA | |
| 082 | 0 | 4 | _aG 863 M9928u |
| 100 | 1 | _aMutis, Álvaro | |
| 245 | 1 | 0 | _aLa última escala del Tramp Steamer / Alvaro Mutis |
| 260 | _aBogotá, Colombia : Arango | ||
| 300 | _a114 Pag | ||
| 001 | 11048 | ||
| 942 | _cBK | ||
| 999 |
_c40419 _d40419 |
||